Estatísticas para Top 10 - Maiores Países do Mundo!

Clique aqui para jogar o quiz

Estatísticas Gerais

  • Esse quiz foi jogado 117 vezes
  • A pontuação média é 9 de 10

Estatísticas das Respostas

Quilômetros quadradosPaíses% Correto
17 milhões km²Rússia
100%
9,5 milhões km²Estados Unidos
100%
8,5 milhões km²Brasil
100%
9,98 milhões km²Canadá
99%
9,5 milhões km²China
99%
7,7 milhões km²Austrália
96%
3,28 milhões km²Índia
92%
2,78 milhões km²Argentina
87%
2,72 milhões km²Cazaquistão
73%
2,38 milhões km²Argélia
66%

Distribuição das Pontuações

Percentil de Números Respondidos

Porcentagem de Pessoas com Cada Pontuação

Sua Pontuação Histórica

Você não jogou esse quiz